| 000 | 00960pam a2200277 a 4500 | ||
|---|---|---|---|
| 001 | 3562751 | ||
| 003 | ARRUPE | ||
| 005 | 20131107125816.0 | ||
| 008 | 980918s1999 mau b 001 0 eng | ||
| 010 | _a 98046126 | ||
| 020 | _a0674179579 | ||
| 040 |
_aDLC _cDLC _dDLC |
||
| 050 | 0 | 0 |
_aGN357 _b.K87 1999 |
| 082 | 0 | 0 |
_a306 _221 |
| 100 | 1 |
_aKuper, Adam. _93464 |
|
| 245 | 1 | 0 |
_aCulture : _bthe anthropologists' account / _cAdam Kuper. |
| 260 |
_aCambridge, Mass : _bHarvard University Press, _cc1999. |
||
| 300 |
_axv, 299 p. ; _c24 cm. |
||
| 504 | _aIncludes bibliographical references (p. 249-287) and index. | ||
| 650 | 0 |
_aCulture. _93465 |
|
| 650 | 0 |
_aEthnology _xPhilosophy. _93466 |
|
| 856 | 4 | 2 |
_3Book review (H-Net) _uhttp://www.h-net.org/review/hrev-a0b5s2-aa |
| 906 |
_a7 _bcbc _corignew _d1 _eocip _f19 _gy-gencatlg |
||
| 942 |
_2lcc _cMONOGRAPH |
||
| 999 |
_c118570 _d118570 |
||